00358nam a2200169Ia 4500003000900000008004100009040001300050040001300063041000800076100002100084245002900105250001200134260001500146300001100161300001000172490000600182IT-RoPAU120407s9999 xx 000 0 und d aIT-RoPAU cIT-RoPAU aita aHelmut Thielicke aLe parabole del Signore. aTorino  aElle Di Ci a295 p. c21 cm v1